000 00425pab a2200169 454500
008 180718b2005 xxu||||| |||| 00| 0 eng d
100 _aChisholm, John
245 _aIncome variables and the measures of gains from crime
260 _c2005
300 _ap.112-19.
362 _aJan
650 _aCrime
650 _aIncome distribution
700 _aChoe, Chongwoo
773 _aOxford Economic Papers
909 _a64258
999 _c64258
_d64258